Eigenvalues of the Laplacian for Hecke triangle groups
Αποθηκεύτηκε σε:
| Κύριος συγγραφέας: | |
|---|---|
| Μορφή: | Βιβλίο |
| Γλώσσα: | English |
| Δημοσίευση: |
Providence, R.I. :
American Mathematical Society,
c1992
|
| Σειρά: | Memoirs of the American Mathematical Society ;
; 469 |
| Θέματα: | |
| Ετικέτες: |
Προσθήκη ετικέτας
Δεν υπάρχουν, Καταχωρήστε ετικέτα πρώτοι!
|
MARC
| LEADER | 00000cam a2200000 i 4500 | ||
|---|---|---|---|
| 001 | 1/51600 | ||
| 008 | 941103s1992 eng d | ||
| 020 | |a 0821825291 | ||
| 035 | |l 10044185 | ||
| 035 | |a 1993 | ||
| 040 | |a GR-MY-UA |b gre |e aacr | ||
| 041 | 0 | |a eng | |
| 082 | 0 | |a 512.7 |2 (20) | |
| 100 | 1 | |a Hejhal, Dennis A. | |
| 245 | 1 | 0 | |a Eigenvalues of the Laplacian for Hecke triangle groups / |c Dennis A. Hejhal |
| 246 | 3 | 3 | |a Hecke triangle groups |
| 260 | |a Providence, R.I. : |b American Mathematical Society, |c c1992 | ||
| 300 | |a vi, 165 p.; |b ill.; |c 26 cm | ||
| 490 | 1 | |a Memoirs of the American Mathematical Society |v ; 469 | |
| 500 | |a "May 1992, Volume 97, Number 469 (end of volume)." | ||
| 504 | |a Includes bibliographical references | ||
| 650 | 0 | 0 | |a Selberg trace formula. |
| 650 | 0 | 0 | |a Automorphic functions. |
| 650 | 0 | 0 | |a Eigenvalues. |
| 650 | 0 | 0 | |a Laplacian operator. |
| 830 | 0 | |a Memoirs of the American Mathematical Society ; |v ; 469 | |
| 852 | |a INST |b SAMOS |e 19941103 |h 512.7 HEJ |p 005300002435 |q 005300002435 |t BK |y 0 | ||
| 909 | |a Σ |b 030134 | ||